000 00995nam a2200241Ia 4500
003 GCL
008 140319s9999 xx 000 0 ara d
020 _a1645401977
040 _aGCL /
_cGCL
082 0 4 _aق
_b953.073
_bص ح
100 1 _aصفى على محمد
245 1 0 _aالحركة العلمية والادبية فى الفسطاط منذ الفتح العربى الى نهاية الدولة الاخشيدية /
_cصفى على محمد
260 _aالقاهرة :
_bالهيئة المصرية العامة للكتاب ،
_c2000
300 _a704 ص ؛
_c22 سم
490 _aتاريخ المصريين
_v167
650 0 4 _aالفتوحات الاسلامية
650 0 4 _aالفسطاط
650 0 4 _aالادب العربى - تاريخ ونقد
650 0 4 _aمصر - تاريخ - العصر الاسلامى
650 0 4 _aمصر - تاريخ - العصر العباسى
650 0 4 _aالفسطاط - تاريخ - الفتح العربى
942 _2ddc
_cBK
999 _c51349
_d51349